000 00655nam a2200181Ia 4500
008 100920s9999 xx 000 0 und d
082 _b81559
_a891.43 न 02
100 _aराजन मोहन सुंदर /अनु. गर्ग लक्ष्मीनारायण.
245 _aदूरसंचार कथा.
260 _bनेशनल बुक टस्ट्र, इंडिया.
_c2002
300 _a226
_bसाधी
365 _b55
520 _aहिंदी.
630 _aदूरसंचार कथा.
650 _aहिंदी.
730 _aदूरसंचार कथा.
942 _cBOOK
999 _c722347
_d722344